1318 1799 1072 1430 1276 1339 1376 1853 1957 1716 1413 1581 1553 1833 1930 1414 1466 1183 1674 1062 1098 1221 1987 1486 1499 1890 1678 1210 1302 1247 1825 1478 1874 1830 1275 1498 1294 1847 1793 1223 1535 1205 1584 1444 1459 1117 1352 1574 1257 1775 1295 1906 1992 1870 1085 1076 1205 1834 1697 1675 1969 1438 1388 1548 1415 1178 1594 1299 1837 1369 1261 1542 1727 1255 1653 1578 1723 1942 1028 1757 1812 1153 1019 1992 1620 1778 1807 1347 1696 1957 1533 1970 1551 1367 1401 1023 1059 1618 1628 BCNSPRNW ULIB Ver.6.0+V

เปลี่ยนเป็นภาษาไทย

Change to English
 แสดงรายละเอียดบรรณานุกรม
  กลับหน้าหลัก

Brief Record : Get Marc (ISO 2709) : E-mail record : QR code < ปิดหน้าต่าง
LEADER : 00000nam 2200000uu 4500
001    13399128422
003     ULIB
008    230815s2565||||th 000 0 tha d
020    ^a9786164262492
060  0 ^aWG210 จ154ศ
100    ^aจรัญ สายะสถิตย์
245    ^aศัลยศาสตร์โรคหัวใจที่พบบ่อย = Common cardiac surgery/^cจรัญ สายะสถิตย์
250    ^aพิมพ์ครั้งที่ 3
260    ^aพิษณุโลก :^bมหาวิทยาลัยนเรศวร,^c2565
300    ^a151 หน้า :^bภาพประกอบ ;^c26 ซม.
505 0  ^aหลักการพื้นฐานในการผ่าตัดหัวใจ = Basic prinicple of heart surgery -- หลักการทำงานของเครื่องหัวใจและปอดเทียม = Cardiopulmonary bypass (CPB) -- โรคหัวใจพิการแต่กำเนิด = Congenital heart disease -- โรคของลิ้นหัวใจ = Acquired valvular heart diseases -- โรคกล้ามเนื้อหัวใจขาดเลือด = Ischemic heart disease -- ปัญหาที่พบบ่อยภายหลังผ่าตัดหัวใจ = Common complications of heart surgery -- ลิ้นหัวใจเทียม = Valve prosthesis -- การให้ยาละลายลิ่มเลือดหลังผ่าตัดเปลี่ยนลิ้นหัวใจ = Anticoagulant drugs after heart valve replacement
650    ^aโรคหัวใจ -- ศัลยกรรม
650  0 ^aศัลยศาสตร์
945    ^p350^l0^i010145
945    ^p350^l0^i010146
945    ^p350^l0^i010147
999    ^aประนอม เกษจรัล
รายการนี้ยังไม่มีแท็ก
คุณยังไม่ได้ล็อกอิน คุณสามารถมีกิจกรรมร่วมกับเว็บไซต์ได้ แต่ต้องล็อกอินก่อน ::
  ล็อกอิน

รายการสื่อสารสนเทศ

ลำดับที่ ประเภท เลขเรียก/บาร์โค้ด สถานที่ สถานะ
1. วิทยาศาสตร์การแพทย์ และสุขภาพ
หนังสือสำรอง
สถานะ=หนังสือสำรอง
WG210 จ154ศ ฉ.1 
  Barcode: 010145
ห้องสมุดวิทยาเขตสวรรค์ประชารักษ์
►หนังสือทั่วไป
บนชั้น
2. วิทยาศาสตร์การแพทย์ และสุขภาพ
วิทยาศาสตร์การแพทย์ และสุขภาพ
WG210 จ154ศ ฉ.2 
  Barcode: 010146
ห้องสมุดวิทยาเขตสวรรค์ประชารักษ์
►หนังสือทั่วไป
บนชั้น
3. วิทยาศาสตร์การแพทย์ และสุขภาพ
วิทยาศาสตร์การแพทย์ และสุขภาพ
WG210 จ154ศ ฉ.3 
  Barcode: 010147
ห้องสมุดวิทยาเขตสวรรค์ประชารักษ์
►หนังสือทั่วไป
บนชั้น

รายการใกล้เคียง
    ผู้แต่ง [จรัญ สายะสถิตย์]

    หัวเรื่อง [โรคหัวใจ -- ศัลยกรรม]
    หัวเรื่อง [ศัลยศาสตร์]

BibComment


ยังไม่เคยถูกคอมเมนท์

คอมเมนท์ทรัพยากรรายการนี้
  คอมเมนท์: ศัลยศาสตร์โรคหัว..


 Copyright 2026. Bcnsprnw @Library